| 000 | 00506nam a22001817a 4500 | ||
|---|---|---|---|
| 005 | 20230106142351.0 | ||
| 008 | 230106b ||||| |||| 00| 0 eng d | ||
| 040 | _cAL | ||
| 041 | _aEnglish | ||
| 082 |
_223 _a370.11 _bFREE |
||
| 100 |
_aPaulo Freire _968745 |
||
| 245 | _aEducation For Liberation | ||
| 260 |
_aBangalore _bEcumenical Christain Centre _c1975 |
||
| 300 |
_a87 p. _bPB _c18x12 cm. |
||
| 650 |
_aEducation--Aims and objectives _968746 |
||
| 700 |
_aFREIRE (Paulo) _968747 |
||
| 942 |
_2ddc _cDB |
||
| 999 |
_c226300 _d226300 |
||